Home Print Resources E-Books E-Journals IIMT Lecture Series Library Membership Form Book Recommendation Form Campus Tour Take AdmissionAbout Us Contact Us

BHARATYA NYAYASANHITA 2023 (HINDI) (Record no. 66677)

000 -LEADER
fixed length control field 00313nam a22001337a 4500
008 - FIXED-LENGTH DATA ELEMENTS--GENERAL INFORMATION
fixed length control field 251027b |||||||| |||| 00| 0 eng d
040 ## - CATALOGING SOURCE
Original cataloging agency IIMT University College of Law
100 ## - MAIN ENTRY--PERSONAL NAME
Personal name MISHRA. PROF S.N
245 ## - TITLE STATEMENT
Title BHARATYA NYAYASANHITA 2023 (HINDI)
260 ## - PUBLICATION, DISTRIBUTION, ETC. (IMPRINT)
Place of publication, distribution, etc CLP
300 ## - PHYSICAL DESCRIPTION
Pages 821
650 ## - Subject
Subject BHARATYA NYAYASANHITA 2023
942 ## - ADDED ENTRY ELEMENTS (KOHA)
Koha item type Book Bank
952 ## - LOCATION AND ITEM INFORMATION (KOHA)
-- 2025-12-23
-- 2025-10-27
952 ## - LOCATION AND ITEM INFORMATION (KOHA)
-- 2025-10-27
952 ## - LOCATION AND ITEM INFORMATION (KOHA)
-- 2025-10-27
952 ## - LOCATION AND ITEM INFORMATION (KOHA)
-- 2025-10-27
952 ## - LOCATION AND ITEM INFORMATION (KOHA)
-- 2025-10-27
952 ## - LOCATION AND ITEM INFORMATION (KOHA)
-- 2025-10-27
952 ## - LOCATION AND ITEM INFORMATION (KOHA)
-- 2025-12-08
-- 2025-10-27
952 ## - LOCATION AND ITEM INFORMATION (KOHA)
-- 2025-10-27
952 ## - LOCATION AND ITEM INFORMATION (KOHA)
-- 2025-10-27
952 ## - LOCATION AND ITEM INFORMATION (KOHA)
-- 2025-10-27
952 ## - LOCATION AND ITEM INFORMATION (KOHA)
-- 2025-10-27
952 ## - LOCATION AND ITEM INFORMATION (KOHA)
-- 2025-10-27
952 ## - LOCATION AND ITEM INFORMATION (KOHA)
-- 2025-10-27
952 ## - LOCATION AND ITEM INFORMATION (KOHA)
-- 2025-10-27
952 ## - LOCATION AND ITEM INFORMATION (KOHA)
-- 2025-10-27
952 ## - LOCATION AND ITEM INFORMATION (KOHA)
-- 2025-10-27
952 ## - LOCATION AND ITEM INFORMATION (KOHA)
-- 2025-10-27
952 ## - LOCATION AND ITEM INFORMATION (KOHA)
-- 2025-10-27
952 ## - LOCATION AND ITEM INFORMATION (KOHA)
-- 2025-10-27
952 ## - LOCATION AND ITEM INFORMATION (KOHA)
-- 2025-10-27
952 ## - LOCATION AND ITEM INFORMATION (KOHA)
-- 2025-10-27
952 ## - LOCATION AND ITEM INFORMATION (KOHA)
-- 2025-10-27
952 ## - LOCATION AND ITEM INFORMATION (KOHA)
-- 2025-10-27
952 ## - LOCATION AND ITEM INFORMATION (KOHA)
-- 2025-10-27
952 ## - LOCATION AND ITEM INFORMATION (KOHA)
-- 2025-10-27
952 ## - LOCATION AND ITEM INFORMATION (KOHA)
-- 2025-10-27
952 ## - LOCATION AND ITEM INFORMATION (KOHA)
-- 2025-10-27
952 ## - LOCATION AND ITEM INFORMATION (KOHA)
-- 2025-10-27
952 ## - LOCATION AND ITEM INFORMATION (KOHA)
-- 2025-10-27
952 ## - LOCATION AND ITEM INFORMATION (KOHA)
-- 2025-10-27
Holdings
Withdrawn status Lost status Source of classification or shelving scheme Damaged status Not for loan Location (home branch) Sublocation or collection (holding branch) Date acquired Source of Acquisition Cost Normal purchase price Koha issues (times borrowed) Accession No. Koha date last seen Koha item type
          IIMT University College of Law IIMT University College of Law 10/27/2025 R LALL BOOK 700.00 1 04-B-12893 01/06/2026 Book Bank
          IIMT University College of Law IIMT University College of Law 10/27/2025 R LALL BOOK 700.00   04-B-12894 10/27/2025 Book Bank
          IIMT University College of Law IIMT University College of Law 10/27/2025 R LALL BOOK 700.00   04-B-12895 10/27/2025 Book Bank
          IIMT University College of Law IIMT University College of Law 10/27/2025 R LALL BOOK 700.00   04-B-12896 10/27/2025 Book Bank
          IIMT University College of Law IIMT University College of Law 10/27/2025 R LALL BOOK 700.00   04-B-12897 10/27/2025 Book Bank
          IIMT University College of Law IIMT University College of Law 10/27/2025 R LALL BOOK 700.00   04-B-12898 10/27/2025 Book Bank
          IIMT University College of Law IIMT University College of Law 10/27/2025 R LALL BOOK 700.00 1 04-B-12899 01/28/2026 Book Bank
          IIMT University College of Law IIMT University College of Law 10/27/2025 R LALL BOOK 700.00   04-B-12900 10/27/2025 Book Bank
          IIMT University College of Law IIMT University College of Law 10/27/2025 R LALL BOOK 700.00   04-B-12901 10/27/2025 Book Bank
          IIMT University College of Law IIMT University College of Law 10/27/2025 R LALL BOOK 700.00   04-B-12902 10/27/2025 Book Bank
          IIMT University College of Law IIMT University College of Law 10/27/2025 R LALL BOOK 700.00   04-B-12903 10/27/2025 Book Bank
          IIMT University College of Law IIMT University College of Law 10/27/2025 R LALL BOOK 700.00   04-B-12904 10/27/2025 Book Bank
          IIMT University College of Law IIMT University College of Law 10/27/2025 R LALL BOOK 700.00   04-B-12905 10/27/2025 Book Bank
          IIMT University College of Law IIMT University College of Law 10/27/2025 R LALL BOOK 700.00   04-B-12906 10/27/2025 Book Bank
          IIMT University College of Law IIMT University College of Law 10/27/2025 R LALL BOOK 700.00   04-B-12907 10/27/2025 Book Bank
          IIMT University College of Law IIMT University College of Law 10/27/2025 R LALL BOOK 700.00   04-B-12908 10/27/2025 Book Bank
          IIMT University College of Law IIMT University College of Law 10/27/2025 R LALL BOOK 700.00   04-B-12909 10/27/2025 Book Bank
          IIMT University College of Law IIMT University College of Law 10/27/2025 R LALL BOOK 700.00   04-B-12910 10/27/2025 Book Bank
          IIMT University College of Law IIMT University College of Law 10/27/2025 R LALL BOOK 700.00   04-B-12911 10/27/2025 Book Bank
          IIMT University College of Law IIMT University College of Law 10/27/2025 R LALL BOOK 700.00   04-B-12912 10/27/2025 Book Bank
          IIMT University College of Law IIMT University College of Law 10/27/2025 R LALL BOOK 700.00   04-B-12913 10/27/2025 Book Bank
          IIMT University College of Law IIMT University College of Law 10/27/2025 R LALL BOOK 700.00   04-B-12914 10/27/2025 Book Bank
          IIMT University College of Law IIMT University College of Law 10/27/2025 R LALL BOOK 700.00   04-B-12915 10/27/2025 Book Bank
          IIMT University College of Law IIMT University College of Law 10/27/2025 R LALL BOOK 700.00   04-B-12916 10/27/2025 Book Bank
          IIMT University College of Law IIMT University College of Law 10/27/2025 R LALL BOOK 700.00   04-B-12917 10/27/2025 Book Bank
          IIMT University College of Law IIMT University College of Law 10/27/2025 R LALL BOOK 700.00   04-B-12918 10/27/2025 Book Bank
          IIMT University College of Law IIMT University College of Law 10/27/2025 R LALL BOOK 700.00   04-B-12919 10/27/2025 Book Bank
          IIMT University College of Law IIMT University College of Law 10/27/2025 R LALL BOOK 700.00   04-B-12920 10/27/2025 Book Bank
          IIMT University College of Law IIMT University College of Law 10/27/2025 R LALL BOOK 700.00   04-B-12921 10/27/2025 Book Bank
          IIMT University College of Law IIMT University College of Law 10/27/2025 R LALL BOOK 700.00   04-B-12922 10/27/2025 Book Bank
IIMT, Central Library. All Rights Reserved IIMT,UNIVERSITY © 2023
Implemented and Customised by I CLOUDE EMS
You Are OPAC Visitor No
free web counter

Powered by Koha